000
00233 a2200097 4500
001
49407
100
_a
Mardrus
245
_a
The Book of the Thousand Nights
260
_a
London
_b
routledge & Kegan Paul Ltd
_c
090
_c
31945
_d
31945
942
_a
NUST-CAE
_c
M
_c
24386
999
_c
284480
_d
284480